| 000 | 00657nam a2200217 a 4500 | ||
|---|---|---|---|
| 001 | BRCA_5599 | ||
| 005 | 20190320205140.0 | ||
| 008 | 210211s19uu----enka######---#000-0#eng-# | ||
| 041 | _aeng | ||
| 044 | _aenk | ||
| 050 | 4 |
_aNK2715 _b.I45 19-- |
|
| 245 | 1 | 0 | _aAn Illustrated catalogue of chairs, sofas and settees on view in the showroom of Maple and Co. Ltd, Tottenham Court Road W. |
| 260 |
_aLondres _bMaple _c[19-?] |
||
| 300 |
_a185 p. _bil. _c27 cm. |
||
| 500 | _aIncluye índice de fotografías | ||
| 500 | _aF76 | ||
| 650 | 1 | 4 |
_aSillas _vCatálogos _914273 |
| 650 | 1 | 4 |
_aMuebles _vCatálogos _zGran Bretaña _914274 |
| 902 | _aGFM | ||
| 942 |
_2lcc _cB |
||
| 999 |
_c5293 _d5293 |
||